The deep reaches of space /

Збережено в:
Бібліографічні деталі
Автор: Chandler, A. Bertram (Arthur Bertram), 1912-1984
Формат: Книга
Мова:English
Опубліковано: London : Jenkins, 1964.
LEADER 00723nam a22001937a 4500
001 c000111843
003 CARM
005 19991213160849.0
008 990310s1964 enk 000 1 eng d
019 1 |a 14535894  |5 LACONCORD2021 
035 |a (OCoLC)2981756  |5 LACONCORD2021 
040 |a VLINC  |b eng  |c VLINC 
100 1 |a Chandler, A. Bertram  |q (Arthur Bertram),  |d 1912-1984. 
245 1 4 |a The deep reaches of space /  |c A.Bertram Chandler. 
260 |a London :  |b Jenkins,  |c 1964. 
300 |a 190 p. 
852 8 |b CARM  |h A2:AJ17G0  |i A02330  |p 0157041  |f BK 
999 f f |i 6aff1e78-f1bf-5de3-889b-7b7c19ae61aa  |s b795dbe3-b8f0-50a6-bcb0-b28e0dc79d7d 
952 f f |p Can circulate  |a CAVAL  |b CAVAL  |c CAVAL  |d CARM 1 Store  |e A02330  |f A2:AJ17G0  |h Other scheme  |i book  |m 0157041